<?xml version="1.0" encoding="UTF-8"?>
<record
    xmlns:xsi="http://www.w3.org/2001/XMLSchema-instance"
    xsi:schemaLocation="http://www.loc.gov/MARC21/slim http://www.loc.gov/standards/marcxml/schema/MARC21slim.xsd"
    xmlns="http://www.loc.gov/MARC21/slim">

  <leader>01956nam a2200301Ia 4500</leader>
  <datafield tag="999" ind1=" " ind2=" ">
    <subfield code="c">50648</subfield>
    <subfield code="d">50648</subfield>
  </datafield>
  <controlfield tag="001">17598</controlfield>
  <controlfield tag="003">GE_BSU</controlfield>
  <controlfield tag="005">20200220113025.0</controlfield>
  <controlfield tag="008">181216s2012    xx |||||||||||||| ||geo||</controlfield>
  <datafield tag="020" ind1=" " ind2=" ">
    <subfield code="a">9789941177958</subfield>
  </datafield>
  <datafield tag="040" ind1=" " ind2=" ">
    <subfield code="c">GE_BSU</subfield>
  </datafield>
  <datafield tag="041" ind1=" " ind2=" ">
    <subfield code="a">geo</subfield>
  </datafield>
  <datafield tag="080" ind1=" " ind2=" ">
    <subfield code="a">339.138(075.8)   &#x10E1;-15</subfield>
  </datafield>
  <datafield tag="245" ind1=" " ind2=" ">
    <subfield code="a">&#x10E1;&#x10D0;&#x10D4;&#x10E0;&#x10D7;&#x10D0;&#x10E8;&#x10DD;&#x10E0;&#x10D8;&#x10E1;&#x10DD; &#x10DB;&#x10D0;&#x10E0;&#x10D9;&#x10D4;&#x10E2;&#x10D8;&#x10DC;&#x10D2;&#x10D8; :</subfield>
    <subfield code="b">&#x10E1;&#x10D0;&#x10EE;&#x10D4;&#x10DA;&#x10DB;&#x10EB;&#x10E6;&#x10D5;&#x10D0;&#x10DC;&#x10D4;&#x10DA;&#x10DD; &#x10E3;&#x10DB;&#x10D0;&#x10E6;&#x10DA;&#x10D4;&#x10E1;&#x10D8; &#x10E1;&#x10D0;&#x10E1;&#x10EC;&#x10D0;&#x10D5;&#x10DA;&#x10D4;&#x10D1;&#x10DA;&#x10D8;&#x10E1; &#x10E1;&#x10E2;&#x10E3;&#x10D3;&#x10D4;&#x10DC;&#x10E2;&#x10D4;&#x10D1;&#x10D8;&#x10E1;&#x10D0;&#x10D7;&#x10D5;&#x10D8;&#x10E1;   /</subfield>
    <subfield code="c">&#x10D2;. &#x10E8;&#x10E3;&#x10D1;&#x10DA;&#x10D0;&#x10EB;&#x10D4; ;  &#x10DB;.  &#x10DC;&#x10D0;&#x10DC;&#x10D8;&#x10E2;&#x10D0;&#x10E8;&#x10D5;&#x10D8;&#x10DA;&#x10D8; ; &#x10DC;. &#x10D9;&#x10D0;&#x10EA;&#x10D8;&#x10E2;&#x10D0;&#x10EB;&#x10D4; ; &#x10DB;. &#x10E1;&#x10D4;&#x10D7;&#x10E3;&#x10E0;&#x10D8; ; &#x10DC;.&#x10D9;&#x10D8;&#x10E0;&#x10D9;&#x10D5;&#x10D0;&#x10DA;&#x10D8;&#x10EB;&#x10D4; ; &#x10E0;&#x10D4;&#x10D3;.  &#x10D2;.&#x10E8;&#x10E3;&#x10D1;&#x10DA;&#x10D0;&#x10EB;&#x10D4; .</subfield>
  </datafield>
  <datafield tag="264" ind1=" " ind2=" ">
    <subfield code="a">&#x10D7;&#x10D1;&#x10D8;&#x10DA;&#x10D8;&#x10E1;&#x10D8; :</subfield>
    <subfield code="b">&#x10E3;&#x10DC;&#x10D8;&#x10D5;&#x10D4;&#x10E0;&#x10E1;&#x10D0;&#x10DA;&#x10D8;,</subfield>
    <subfield code="c">2012.</subfield>
  </datafield>
  <datafield tag="300" ind1=" " ind2=" ">
    <subfield code="a">416 &#x10D2;&#x10D5; ; </subfield>
    <subfield code="c">20 &#x10E1;&#x10DB;.</subfield>
  </datafield>
  <datafield tag="504" ind1=" " ind2=" ">
    <subfield code="a">&#x10D1;&#x10D8;&#x10D1;&#x10DA;&#x10D8;&#x10DD;&#x10D2;&#x10E0;.: &#x10D2;&#x10D5;. 414-416</subfield>
  </datafield>
  <datafield tag="653" ind1=" " ind2=" ">
    <subfield code="a">&#x10D4;&#x10D9;&#x10DD;&#x10DC;&#x10DD;&#x10DB;&#x10D8;&#x10D9;&#x10D0;</subfield>
  </datafield>
  <datafield tag="653" ind1=" " ind2=" ">
    <subfield code="a">&#x10D4;&#x10D9;&#x10DD;&#x10DC;&#x10DD;&#x10DB;&#x10D8;&#x10D9;&#x10D8;&#x10E1;&#x10D0; &#x10D3;&#x10D0; &#x10D1;&#x10D8;&#x10D6;&#x10DC;&#x10D4;&#x10E1;&#x10D8;&#x10E1; &#x10D8;&#x10DC;&#x10E2;&#x10D4;&#x10E0;&#x10DC;&#x10D0;&#x10EA;&#x10D8;&#x10DD;&#x10DC;&#x10D0;&#x10DA;&#x10D8;&#x10D6;&#x10D0;&#x10EA;&#x10D8;&#x10D0; &#x10D3;&#x10D0; &#x10D2;&#x10DA;&#x10DD;&#x10D1;&#x10D0;&#x10DA;&#x10D8;&#x10D6;&#x10D0;&#x10EA;&#x10D8;&#x10D0;,&#x10E1;&#x10D0;&#x10D4;&#x10E0;&#x10D7;&#x10D0;&#x10E8;&#x10DD;&#x10E0;&#x10D8;&#x10E1;&#x10DD; &#x10DB;&#x10D0;&#x10E0;&#x10D9;&#x10D4;&#x10E2;&#x10D8;&#x10DC;&#x10D2;&#x10D8;&#x10E1; &#x10D7;&#x10D0;&#x10DC;&#x10D0;&#x10DB;&#x10D4;&#x10D3;&#x10E0;&#x10DD;&#x10D5;&#x10D4; &#x10D9;&#x10DD;&#x10DC;&#x10EA;&#x10D4;&#x10E4;&#x10EA;&#x10D8;&#x10D0;,&#x10E1;&#x10D0;&#x10D4;&#x10E0;&#x10D7;&#x10D0;&#x10E8;&#x10DD;&#x10E0;&#x10D8;&#x10E1;&#x10DD; &#x10DB;&#x10D0;&#x10E0;&#x10D9;&#x10D4;&#x10E2;&#x10D8;&#x10DC;&#x10D2;&#x10E3;&#x10DA;&#x10D8; &#x10D2;&#x10D0;&#x10E0;&#x10D4;&#x10DB;&#x10DD;,&#x10E1;&#x10D0;&#x10D4;&#x10E0;&#x10D7;&#x10D0;&#x10E8;&#x10DD;&#x10E0;&#x10D8;&#x10E1;&#x10DD; &#x10D1;&#x10D8;&#x10D6;&#x10DC;&#x10D4;&#x10E1;&#x10D8;&#x10E1; &#x10DB;&#x10D0;&#x10E0;&#x10D9;&#x10D4;&#x10E2;&#x10D8;&#x10DC;&#x10D2;&#x10E3;&#x10DA;&#x10D8; &#x10D9;&#x10D5;&#x10DA;&#x10D4;&#x10D5;&#x10D0;.</subfield>
  </datafield>
  <datafield tag="653" ind1=" " ind2=" ">
    <subfield code="a">&#x10E1;&#x10D0;&#x10D4;&#x10E0;&#x10D7;&#x10D0;&#x10E8;&#x10DD;&#x10E0;&#x10D8;&#x10E1;&#x10DD; &#x10DB;&#x10D0;&#x10E0;&#x10D9;&#x10D4;&#x10E2;&#x10D8;&#x10DC;&#x10D2;&#x10D8;</subfield>
  </datafield>
  <datafield tag="700" ind1=" " ind2=" ">
    <subfield code="a">&#x10E8;&#x10E3;&#x10D1;&#x10DA;&#x10D0;&#x10EB;&#x10D4;, &#x10D2;.</subfield>
    <subfield code="9">7210</subfield>
  </datafield>
  <datafield tag="700" ind1=" " ind2=" ">
    <subfield code="a">&#x10DC;&#x10D0;&#x10DC;&#x10D8;&#x10E2;&#x10D0;&#x10E8;&#x10D5;&#x10D8;&#x10DA;&#x10D8;,  &#x10DB;.</subfield>
    <subfield code="9">7211</subfield>
  </datafield>
  <datafield tag="700" ind1=" " ind2=" ">
    <subfield code="a">&#x10D9;&#x10D0;&#x10EA;&#x10D8;&#x10E2;&#x10D0;&#x10EB;&#x10D4;,  &#x10DC;.</subfield>
    <subfield code="9">7212</subfield>
  </datafield>
  <datafield tag="700" ind1=" " ind2=" ">
    <subfield code="a"> &#x10E1;&#x10D4;&#x10D7;&#x10E3;&#x10E0;&#x10D8;, &#x10DB;.</subfield>
    <subfield code="9">7213</subfield>
  </datafield>
  <datafield tag="700" ind1=" " ind2=" ">
    <subfield code="a">&#x10D9;&#x10D8;&#x10E0;&#x10D9;&#x10D5;&#x10D0;&#x10DA;&#x10D8;&#x10EB;&#x10D4;,  &#x10DC;.</subfield>
    <subfield code="9">7214</subfield>
  </datafield>
  <datafield tag="700" ind1=" " ind2=" ">
    <subfield code="a">&#x10E8;&#x10E3;&#x10D1;&#x10DA;&#x10D0;&#x10EB;&#x10D4;, &#x10D2;.</subfield>
    <subfield code="e">&#x10E0;&#x10D4;&#x10D3;&#x10D0;&#x10E5;&#x10E2;&#x10DD;&#x10E0;&#x10D8;</subfield>
    <subfield code="9">7210</subfield>
  </datafield>
  <datafield tag="942" ind1=" " ind2=" ">
    <subfield code="c">BK</subfield>
    <subfield code="2">udc</subfield>
  </datafield>
  <datafield tag="952" ind1=" " ind2=" ">
    <subfield code="0">0</subfield>
    <subfield code="1">0</subfield>
    <subfield code="2">udc</subfield>
    <subfield code="4">0</subfield>
    <subfield code="6">3391380758_&#x10E1;15</subfield>
    <subfield code="7">0</subfield>
    <subfield code="9">69309</subfield>
    <subfield code="a">CPL</subfield>
    <subfield code="b">CPL</subfield>
    <subfield code="c">GEN</subfield>
    <subfield code="d">2018-12-17</subfield>
    <subfield code="g">20.00</subfield>
    <subfield code="o">339.138(075.8)   &#x10E1;-15</subfield>
    <subfield code="p">45611</subfield>
    <subfield code="r">2018-12-17</subfield>
    <subfield code="t">45611</subfield>
    <subfield code="w">2018-12-17</subfield>
    <subfield code="y">BK</subfield>
    <subfield code="z">20.00</subfield>
  </datafield>
  <datafield tag="952" ind1=" " ind2=" ">
    <subfield code="0">0</subfield>
    <subfield code="1">0</subfield>
    <subfield code="2">udc</subfield>
    <subfield code="4">0</subfield>
    <subfield code="6">3391380758_&#x10E1;15</subfield>
    <subfield code="7">0</subfield>
    <subfield code="9">69310</subfield>
    <subfield code="a">CPL</subfield>
    <subfield code="b">CPL</subfield>
    <subfield code="c">GEN</subfield>
    <subfield code="d">2018-12-17</subfield>
    <subfield code="g">20.00</subfield>
    <subfield code="o">339.138(075.8)   &#x10E1;-15</subfield>
    <subfield code="p">55354</subfield>
    <subfield code="r">2018-12-17</subfield>
    <subfield code="t">55354</subfield>
    <subfield code="w">2018-12-17</subfield>
    <subfield code="y">BK</subfield>
    <subfield code="z">20&#x10DA;.</subfield>
  </datafield>
  <datafield tag="952" ind1=" " ind2=" ">
    <subfield code="0">0</subfield>
    <subfield code="1">0</subfield>
    <subfield code="2">udc</subfield>
    <subfield code="4">0</subfield>
    <subfield code="6">3391380758_&#x10E1;15</subfield>
    <subfield code="7">0</subfield>
    <subfield code="9">69311</subfield>
    <subfield code="a">CPL</subfield>
    <subfield code="b">CPL</subfield>
    <subfield code="c">GEN</subfield>
    <subfield code="d">2018-12-17</subfield>
    <subfield code="g">20.00</subfield>
    <subfield code="o">339.138(075.8)   &#x10E1;-15</subfield>
    <subfield code="p">55355</subfield>
    <subfield code="r">2018-12-17</subfield>
    <subfield code="t">55355</subfield>
    <subfield code="w">2018-12-17</subfield>
    <subfield code="y">BK</subfield>
    <subfield code="z">20&#x10DA;.</subfield>
  </datafield>
  <datafield tag="952" ind1=" " ind2=" ">
    <subfield code="0">0</subfield>
    <subfield code="1">0</subfield>
    <subfield code="2">udc</subfield>
    <subfield code="4">0</subfield>
    <subfield code="6">3391380758_&#x10E1;15</subfield>
    <subfield code="7">0</subfield>
    <subfield code="9">69312</subfield>
    <subfield code="a">CPL</subfield>
    <subfield code="b">CPL</subfield>
    <subfield code="c">GEN</subfield>
    <subfield code="d">2018-12-17</subfield>
    <subfield code="g">20.00</subfield>
    <subfield code="o">339.138(075.8)   &#x10E1;-15</subfield>
    <subfield code="p">55356</subfield>
    <subfield code="r">2018-12-17</subfield>
    <subfield code="t">55356</subfield>
    <subfield code="w">2018-12-17</subfield>
    <subfield code="y">BK</subfield>
    <subfield code="z">20&#x10DA;.</subfield>
  </datafield>
  <datafield tag="952" ind1=" " ind2=" ">
    <subfield code="0">0</subfield>
    <subfield code="1">0</subfield>
    <subfield code="2">udc</subfield>
    <subfield code="4">0</subfield>
    <subfield code="6">3391380758_&#x10E1;15</subfield>
    <subfield code="7">0</subfield>
    <subfield code="9">69313</subfield>
    <subfield code="a">CPL</subfield>
    <subfield code="b">CPL</subfield>
    <subfield code="c">GEN</subfield>
    <subfield code="d">2018-12-17</subfield>
    <subfield code="g">20.00</subfield>
    <subfield code="o">339.138(075.8)   &#x10E1;-15</subfield>
    <subfield code="p">55357</subfield>
    <subfield code="r">2018-12-17</subfield>
    <subfield code="t">55357</subfield>
    <subfield code="w">2018-12-17</subfield>
    <subfield code="y">BK</subfield>
    <subfield code="z">20&#x10DA;.</subfield>
  </datafield>
  <datafield tag="952" ind1=" " ind2=" ">
    <subfield code="0">0</subfield>
    <subfield code="1">0</subfield>
    <subfield code="2">udc</subfield>
    <subfield code="4">0</subfield>
    <subfield code="6">3391380758_&#x10E1;15</subfield>
    <subfield code="7">0</subfield>
    <subfield code="9">69314</subfield>
    <subfield code="a">CPL</subfield>
    <subfield code="b">CPL</subfield>
    <subfield code="c">GEN</subfield>
    <subfield code="d">2018-12-17</subfield>
    <subfield code="g">20.00</subfield>
    <subfield code="o">339.138(075.8)   &#x10E1;-15</subfield>
    <subfield code="p">55358</subfield>
    <subfield code="r">2018-12-17</subfield>
    <subfield code="t">55358</subfield>
    <subfield code="w">2018-12-17</subfield>
    <subfield code="y">BK</subfield>
    <subfield code="z">20&#x10DA;.</subfield>
  </datafield>
</record>
